000
00278nam a2200109Ia 4500
008
200302s9999 xx 000 0 und d
100
_a
Author
245
_a
Conditioning the Design of new Atmospheres, Effects & Experiences
260
_b
Actar
260
_c
2005
300
_a
260 P.,
999
_c
4331
_d
4331